After Elwin; encounters with tribal life in Central India (Record no. 5971)
[ view plain ]
| 000 -LEADER | |
|---|---|
| fixed length control field | 00554nam a2200181Ia 4500 |
| 020 ## - INTERNATIONAL STANDARD BOOK NUMBER | |
| ISBN | 81-8028-028-4 |
| 082 ## - DEWEY DECIMAL CLASSIFICATION NUMBER | |
| Classification number | 305.800954 DAS-A |
| 100 ## - MAIN ENTRY--AUTHOR NAME | |
| Personal name | Das Gupta, Prosenjit |
| 245 #0 - TITLE STATEMENT | |
| Title | After Elwin; encounters with tribal life in Central India |
| 260 ## - PUBLICATION, DISTRIBUTION, ETC. (IMPRINT) | |
| Place of publication | New Delhi |
| Name of publisher | Chronicle Books |
| Year of publication | 2007 |
| 300 ## - PHYSICAL DESCRIPTION | |
| Number of Pages | xiii, 175 |
| 504 ## - BIBLIOGRAPHY, ETC. NOTE | |
| Bibliography, etc | includes bibliography |
| 650 ## - SUBJECT ADDED ENTRY--TOPICAL TERM | |
| Topical Term | Tribes |
| Form subdivision | Social conditions |
| Geographic subdivision | Central India |
| 650 ## - SUBJECT ADDED ENTRY--TOPICAL TERM | |
| Topical Term | Elwin, Verrier, 1902-1964 |
| 650 ## - SUBJECT ADDED ENTRY--TOPICAL TERM | |
| Topical Term | Ethnology |
| Geographic subdivision | Central India |
| 650 ## - SUBJECT ADDED ENTRY--TOPICAL TERM | |
| Topical Term | Chhattisgarh (India) |
| Form subdivision | Scheduled tribes |
| 942 ## - ADDED ENTRY ELEMENTS (KOHA) | |
| Koha item type | Books |
| Withdrawn status | Lost status | Damaged status | Not for loan | Home library | Current library | Date acquired | Source of acquisition | Bill Date | Full call number | Accession Number | Price effective from | Koha item type |
|---|---|---|---|---|---|---|---|---|---|---|---|---|
| NASSDOC Library | NASSDOC Library | 31/03/2008 | IPG | 2008-03-20 | 305.800954 DAS-A | 44210 | 18/04/2019 | Books |
